[Event "VIE-ch"]
[Site "Hanoi"]
[Date "2024.03.16"]
[Round "9"]
[White "Tran, Vo Quoc Bao"]
[Black "Bui, Quang Huy"]
[Result "0-1"]
[WhiteElo "1997"]
[BlackElo "1705"]
[PlyCount "65"]
[EventDate "2024.03.11"]
[EventType "swiss"]
[EventRounds "9"]
[EventCountry "VIE"]
[SourceTitle "CB13_2024"]
[SourceDate "2024.03.27"]
[SourceVersion "1"]
[SourceVersionDate "2024.03.27"]
[SourceQuality "1"]

1. e4 c5 2. Nf3 d6 3. d4 cxd4 4. Nxd4 Nf6 5. Nc3 a6 6. Be3 e5 7. Nb3 Be6 8. f3 Be7 9. Qd2 Nbd7 10. g4 Qc7 11. 0-0-0 b5 12. g5 Nh5 13. Nd5 Bxd5 14. exd5 Rc8 15. Bh3 Rb8 16. Na5 0-0 17. Nc6 Rbe8 18. Bg4 Nf4 19. Bxd7 Qxd7 20. Bxf4 exf4 21. Qxf4 f6 22. gxf6 Rxf6 23. Qg4 Qxg4 24. fxg4 Rf2 25. h4 Bf6 26. g5 Ree2 27. Nb4 Be5 28. Rde1 Bf4+ 29. Kb1 Rxe1+ 30. Rxe1 Bd2 31. Re8+ Kf7 32. c3 Kxe8 33. Nxa6 0-1

[Event "VIE-ch"]
[Site "Hanoi"]
[Date "2024.03.14"]
[Round "6"]
[White "Tran, Ngoc Lan"]
[Black "Tran, Vo Quoc Bao"]
[Result "1-0"]
[WhiteElo "2115"]
[BlackElo "1997"]
[PlyCount "97"]
[EventDate "2024.03.11"]
[EventType "swiss"]
[EventRounds "9"]
[EventCountry "VIE"]
[SourceTitle "CB13_2024"]
[SourceDate "2024.03.27"]
[SourceVersion "1"]
[SourceVersionDate "2024.03.27"]
[SourceQuality "1"]

1. d4 Nf6 2. Bf4 e6 3. c4 b6 4. Nf3 Bb7 5. Nc3 Be7 6. e3 Nh5 7. Bg3 0-0 8. Bd3 d6 9. d5 exd5 10. cxd5 g6 11. Nd4 Nd7 12. Be2 Nxg3 13. hxg3 Bf6 14. Bb5 a5 15. g4 Qe7 16. g5 Bxg5 17. Qg4 Nc5 18. 0-0-0 f5 19. Qh3 Qg7 20. f4 Bf6 21. g4 fxg4 22. Qxg4 Bc8 23. Qg3 Bxd4 24. exd4 Nd7 25. Ne4 Nf6 26. Ng5 Bf5 27. Bc6 Rad8 28. Rde1 Nh5 29. Qe3 Kh8 30. Qe7 h6 31. Qxg7+ Kxg7 32. Ne6+ Kf6 33. Nxd8 Rxd8 34. Kd2 Kf7 35. Re3 Rh8 36. Rf1 Nf6 37. Rfe1 Nh5 38. Be8+ Kf6 39. Rf1 Ng7 40. Bb5 Bg4 41. Rc1 Nh5 42. Rg1 Bc8 43. Rf1 Bb7 44. Bc6 Bxc6 45. dxc6 Rh7 46. Re8 Ng3 47. Rfe1 Nf5 48. R1e6+ Kf7 49. d5 1-0

[Event "VIE-ch"]
[Site "Hanoi"]
[Date "2024.03.11"]
[Round "2"]
[White "Dinh, Nho Kiet"]
[Black "Tran, Vo Quoc Bao"]
[Result "1-0"]
[WhiteElo "2187"]
[BlackElo "1997"]
[PlyCount "53"]
[EventDate "2024.03.11"]
[EventType "swiss"]
[EventRounds "9"]
[EventCountry "VIE"]
[SourceTitle "CB13_2024"]
[SourceDate "2024.03.27"]
[SourceVersion "1"]
[SourceVersionDate "2024.03.27"]
[SourceQuality "1"]

1. d4 d5 2. c4 c6 3. Nc3 Nf6 4. cxd5 cxd5 5. Bf4 Nc6 6. e3 Bf5 7. Qb3 Na5 8. Qa4+ Bd7 9. Qc2 Rc8 10. Bd3 e6 11. Nf3 Bb4 12. 0-0 0-0 13. Ne5 Nc4 14. Bxc4 dxc4 15. Bg5 Be7 16. b3 cxb3 17. Qxb3 b6 18. Rac1 h6 19. Bh4 Ne8 20. Nxd7 Qxd7 21. Bxe7 Qxe7 22. Nd5 exd5 23. Rxc8 Nf6 24. Rfc1 Rxc8 25. Rxc8+ Kh7 26. Qc2+ g6 27. Rc7 1-0

[Event "Ho Chi Minh Royal op 11th"]
[Site "Ho Chi Minh City"]
[Date "2022.09.16"]
[Round "3"]
[White "Quach, Phuong Minh"]
[Black "Tran, Vo Quoc Bao"]
[Result "0-1"]
[WhiteElo "2041"]
[BlackElo "1882"]
[PlyCount "86"]
[EventDate "2022.09.14"]
[EventType "swiss"]
[EventRounds "9"]
[EventCountry "VIE"]
[SourceTitle "EXT 2023"]
[Source "ChessBase"]
[SourceDate "2022.10.05"]
[SourceVersion "1"]
[SourceVersionDate "2022.10.05"]
[SourceQuality "1"]

1. e4 c6 2. d4 d5 3. exd5 cxd5 4. c4 Nf6 5. Nc3 e6 6. Nf3 Nc6 7. c5 Ne4 8. Bd3 f5 9. 0-0 Be7 10. Bf4 0-0 11. Bb5 Bd7 12. Ne5 Nxc3 13. Bxc6 Nxd1 14. Bxd7 Nxb2 15. Rab1 Nc4 16. Rxb7 Nxe5 17. Bxe5 Kf7 18. Re1 Qa5 19. Re3 Qd2 20. g3 Rfe8 21. c6 Rad8 22. Bxe8+ Rxe8 23. c7 Rc8 24. Rb8 Rxc7 25. Bxc7 Qc1+ 26. Kg2 Qxc7 27. Rb2 Qc4 28. Rd2 Bf6 29. Red3 g5 30. f4 gxf4 31. gxf4 Qc7 32. Kf3 Qc1 33. Rd1 Qc2 34. R1d2 Qb1 35. Kf2 Qh1 36. Kg3 Qe1+ 37. Kg2 Qe4+ 38. Rf3 Bxd4 39. Rdd3 Qe2+ 40. Kg3 Bg1 41. Kh4 Kf6 42. h3 Qg2 43. Kh5 Bf2 0-1

[Event "Ho Chi Minh Royal op 10th"]
[Site "Ho Chi Minh City"]
[Date "2022.08.03"]
[Round "3"]
[White "Tran, Vo Quoc Bao"]
[Black "Tran, Minh Hieu"]
[Result "1-0"]
[WhiteElo "1879"]
[BlackElo "1178"]
[PlyCount "79"]
[EventDate "2022.08.01"]
[EventType "swiss"]
[EventRounds "7"]
[EventCountry "VIE"]
[SourceTitle "EXT 2024"]
[Source "ChessBase"]
[SourceDate "2023.10.10"]
[SourceVersion "1"]
[SourceVersionDate "2023.10.10"]
[SourceQuality "1"]

1. e4 c5 2. Nf3 d6 3. Bc4 Nf6 4. Qe2 a6 5. e5 dxe5 6. Nxe5 e6 7. a4 Bd6 8. d3 0-0 9. Bg5 Qb6 10. Bb3 Bxe5 11. Qxe5 Nbd7 12. Qg3 c4 13. Be3 Qb4+ 14. Bd2 Qb6 15. a5 Qb5 16. Na3 Qc6 17. Bxc4 b5 18. axb6 Nxb6 19. Bc3 Nbd5 20. Bxd5 exd5 21. 0-0 Bb7 22. Rfe1 Rad8 23. Qf3 Rd6 24. Bb4 Re6 25. Bxf8 Kxf8 26. Rxe6 fxe6 27. Re1 Qb6 28. Qe3 Qxb2 29. Qc5+ Kf7 30. Rb1 Qe5 31. Rxb7+ Kg6 32. Rb1 Ng4 33. g3 h5 34. h4 Qe2 35. Rf1 Ne5 36. Qe3 Nf3+ 37. Kg2 Nxh4+ 38. gxh4 Qg4+ 39. Qg3 Qxg3+ 40. Kxg3 1-0